Sects in Tibetan Buddhism: (Record no. 9996)

MARC details
000 -LEADER
fixed length control field 00894 a2200217 4500
010 ## - LIBRARY OF CONGRESS CONTROL NUMBER
LC control number ENG-89110
020 ## - INTERNATIONAL STANDARD BOOK NUMBER
International Standard Book Number 8124603308
Terms of availability 360.00
035 ## - SYSTEM CONTROL NUMBER
System control number EN-72643
037 ## - SOURCE OF ACQUISITION
Source of stock number/acquisition DBAD / PUB
082 14 - DEWEY DECIMAL CLASSIFICATION NUMBER
Classification number 250
090 ## - LOCALLY ASSIGNED LC-TYPE CALL NUMBER (OCLC); LOCAL CALL NUMBER (OCLC)
-- 10236
-- 10236
100 ## - MAIN ENTRY--PERSONAL NAME
Personal name Vijay Kumar Singh
245 ## - TITLE STATEMENT
Title Sects in Tibetan Buddhism:
Remainder of title comparison of practices between Gelugpa and Nyingmapa sects/
Statement of responsibility, etc by Vijay Kumar Singh
260 ## - PUBLICATION, DISTRIBUTION, ETC. (IMPRINT)
Name of publisher, distributor, etc D.K Printworld
Date of publication, distribution, etc 2006
Place of publication, distribution, etc New Delhi
270 ## - ADDRESS
Address 'Sri Kunj ', F-52. Bali Nnager Ramesh Nager Metro Station
City New Delhi
Postal code 110015
Telephone number 011-25453975, 011-25466019
Fax number 01125465926
Electronic mail address dkprintworld@vsnl.net
300 ## - PHYSICAL DESCRIPTION
Extent xv,184p
Dimensions 23cm (Hb )
490 ## - SERIES STATEMENT
Series statement Emerging perceptions in Buddhist studies; no. 21
500 ## - GENERAL NOTE
General note Includes bibliographical references and index
942 ## - ADDED ENTRY ELEMENTS (KOHA)
Institution code [OBSOLETE] dpl
Koha item type English Books
Call number prefix 250/SIN
Holdings
Withdrawn status Lost status Source of classification or shelving scheme Damaged status Not for loan Collection code Home library Current library Source of acquisition Cost, normal purchase price Total Checkouts Full call number Barcode Date last seen Copy number Uniform Resource Identifier Cost, replacement price Price effective from Koha item type
    Dewey Decimal Classification   Not For Loan Non-fiction D.B.Act.Division D.B.Act.Division DBAD/PUB 360.00   250 EN-72643 15/09/2008 1 11015 360.00 15/09/2008 English Books

© Delhi Public Library
Hit Counter
free hit counter